20 personnages historiques les plus importants selon Chatgpt - Statistiques

Statistiques générales
  • Ce quiz a été pris 276 fois
  • Le résultat moyen est 6 sur 20
Statistiques - réponses
Réponse % Correct
Jules César
89%
Napoléon Bonaparte
73%
Jésus de Nazareth
57%
Cléopâtre VII
46%
Alexandre le Grand
42%
Albert Einstein
36%
Winston Churchill
31%
Léonard de Vinci
30%
Abraham Lincoln
28%
Isaac Newton
28%
Gengis Khan
26%
Mahatma Gandhi
26%
Marie Curie
24%
Martin Luther King
21%
Galilée
15%
Moïse
14%
Confucius
13%
Gautama Bouddha
9%
William Shakespeare
9%
Marie d'Ecosse
2%
Aucun quiz correspondant
Distribution des résultats
% des personnes avec chaque résultat
Percentile par nombre de réponses
Votre historique - résultats
Vous n’avez pas pris ce quiz